000 01125nam a2200265Ia 4500
001 8688
003 GE_BSU
008 181216s||||||||xx |||||||||||||| ||und||
020 _a9789994027842
040 _cGE_BSU
080 _a82-93:821.353.1-94
100 _aიოსელიანი,ოტია.
245 _aჩემი ასავალ-დასავალი
245 _bმოგონებები
245 _cწინასიტყვ.იური ბიბილეიშვილი;იდეა და პროექტი ბონდო მაცაბერიძის;რუსუდან მოსიძის;სერიალის რედ:რუსუდან მოსიძე
250 _aსასკოლო ბიბლიოთეკა :30ტომად (წ.19)
260 _aთბილისი.
260 _bბაკმი.
260 _c2009.
300 _a432გვ;21სმ.
541 _h14ლ.
653 _aქართველი მწერლები;
653 _aჩემი ასავალ-დასავალი
942 _cBK
999 _c42002
_d42002